000 01028cam a2200277 a 4500
001 2581207
003 Ke-BoTe
005 20220614090934.0
008 961011s1997 ilua b 001 0beng
010 _a 96040841
020 _a0891079343 (hardcover : alk. paper)
040 _aDLC
_cDLC
_dDLC
043 _an-us---
050 0 0 _aBV3785.G69
_bW48 1997
082 0 0 _a269/.2/092
_aB
_221
100 1 _aWirt, Sherwood Eliot.
_9699
245 1 0 _aBilly :
_ba personal look at Billy Graham, the world's best-loved evangelist /
_cSherwood Eliot Wirt.
260 _aWheaton, Ill. :
_bCrossway Books ;
_cc1997.
300 _a271 p . :
_bill. ;
_c24 cm.
504 _aIncludes bibliographical references (p. 259-264) and index.
600 1 0 _aGraham, Billy,
_d1918-2018.
_935
650 0 _aEvangelists
_zUnited States
_vBiography.
_936
906 _a7
_bcbc
_corignew
_d1
_eocip
_f19
_gy-gencatlg
942 _2lcc
_cBK
_n0
999 _c3977
_d3977